[Event "19th Navalmoral Open"]
[Site "Navalmoral ESP"]
[Date "2013.12.07"]
[Round "5.5"]
[White "Peralta,Fe"]
[Black "Komljenovic,D"]
[Result "1-0"]
[WhiteElo "2600"]
[BlackElo "2407"]

1.d4 d5 2.c4 c6 3.Nf3 Nf6 4.Nc3 e6 5.e3 Nbd7 6.Bd3 dxc4 7.Bxc4 b5 8.Bd3 a6
9.e4 c5 10.d5 c4 11.Bc2 Nc5 12.Bg5 Bb7 13.O-O h6 14.Bxf6 Qxf6 15.e5 Qd8 16.d6 g6
17.Qd4 Nd7 18.Be4 Bxe4 19.Qxe4 Bg7 20.a4 b4 21.Ne2 O-O 22.Ned4 Kh8 23.Nc6 Qb6
24.Ne7 Qc5 25.Rfe1 c3 26.bxc3 b3 27.Rab1 Rab8 28.h4 Qxc3 29.Nc6 Nc5 30.Qe2 Nd3
31.Nxb8 Nxe1 32.Qxe1 Qxe1+ 33.Nxe1 Rxb8 34.Nd3 g5 35.hxg5 hxg5 36.Nc5 b2
37.Nxa6 Rc8 38.d7 Rd8 39.Rxb2 Rxd7 40.Rb5 Rd1+ 41.Kh2 Re1 42.g3 Bxe5 43.Nc5 g4
44.Nd7 Bd6 45.Rh5+ Kg7 46.Rg5+  1-0

[Event "TCh-CZE Vychod 2013-14"]
[Site "Czech Rep CZE"]
[Date "2013.12.08"]
[Round "4.4"]
[White "Belunek,V"]
[Black "Novosadova,K"]
[Result "0-1"]
[WhiteElo "2256"]
[BlackElo "2185"]

1.d4 d5 2.c4 c6 3.Nf3 Nf6 4.Nc3 e6 5.e3 Bd6 6.Bd3 Nbd7 7.O-O dxc4 8.Bxc4 b5
9.Bd3 b4 10.Ne4 Nxe4 11.Bxe4 Qc7 12.Bd2 Ba6 13.Re1 Nf6 14.Bc2 Ng4 15.g3 h5
16.e4 e5 17.Nxe5 Bxe5 18.dxe5 Rd8 19.Qc1 h4 20.Ba4 Nxe5 21.Bxb4 hxg3 22.hxg3 Qd7
23.Qc3 f6 24.Qc5 Rh1+  0-1

[Event "52nd TCh-DEN XtraCon 2013-14"]
[Site "Denmark DEN"]
[Date "2013.12.08"]
[Round "3.3"]
[White "Hoi,C"]
[Black "Jensen,Bjark"]
[Result "1/2-1/2"]
[WhiteElo "2400"]
[BlackElo "2315"]

1.d4 d5 2.Nf3 Nf6 3.e3 e6 4.c4 c6 5.Nc3 Nbd7 6.b3 Bd6 7.Bb2 O-O 8.Be2 Qe7
9.O-O b6 10.Qc2 Bb7 11.Rac1 Rac8 12.Rfd1 Rfe8 13.Qb1 h6 14.g3 dxc4 15.bxc4 c5
16.d5 exd5 17.Nxd5 Nxd5 18.cxd5 Nf6 19.Nh4 Be5 20.Bf3 Qd7 21.d6 Bxf3 22.Nxf3 Bxb2
23.Qxb2 Qf5 24.Kg2 Rcd8 25.Rc4 Re6 26.Rf4 Qh5 27.Rh4 Qf5 28.Rf4 Qh5 29.Rh4 Qg6
30.Ra4 Rexd6 31.Rxd6 Rxd6 32.Rxa7 Qe4 33.Qe5 Qc6 34.a4 Ne4 35.h4 Nd2 36.e4 Nxf3
37.Kxf3 Re6 38.Qd5 Rf6+ 39.Ke3 Qe6 40.Qxe6 Rxe6 41.f4 Rd6  1/2-1/2

[Event "5th Classic Open 2013"]
[Site "London ENG"]
[Date "2013.12.08"]
[Round "2.18"]
[White "Stigar,P"]
[Black "Rahman,Zia"]
[Result "1/2-1/2"]
[WhiteElo "2240"]
[BlackElo "2496"]

1.d4 e6 2.c4 d5 3.Nc3 c6 4.e3 Nf6 5.Nf3 Nbd7 6.b3 Bd6 7.Be2 O-O 8.O-O b6
9.Bb2 Bb7 10.Bd3 Qe7 11.e4 dxe4 12.Nxe4 Nxe4 13.Bxe4 f5 14.Bc2 c5 15.h3 Rad8
16.Re1 cxd4 17.Nxd4 Ne5 18.Qe2 Qg5 19.Qf1 Qf4 20.Rad1 Rf6 21.Bc1 Qh4 22.Rxe5 Bxe5
23.Nf3 Rxd1 24.Qxd1 Bxf3 25.Qd8+ Kf7 26.Qd7+ Kg6 27.Qe8+ Rf7 28.Qxe6+ Qf6
29.Bxf5+ Kh5 30.Bg4+ Kg6 31.Bf5+ Kh5 32.Bg4+ Kg6 33.Bf5+  1/2-1/2

[Event "Battle of the Generations 2013"]
[Site "Moscow RUS"]
[Date "2013.12.08"]
[Round "6"]
[White "Dubov,Danii"]
[Black "Shirov,A"]
[Result "1/2-1/2"]
[WhiteElo "2629"]
[BlackElo "2695"]

1.d4 d5 2.c4 c6 3.e3 Nf6 4.Nc3 e6 5.Nf3 Nbd7 6.Qc2 Bd6 7.Bd3 O-O 8.O-O dxc4
9.Bxc4 b5 10.Bd3 Bb7 11.a3 a5 12.e4 e5 13.dxe5 Nxe5 14.Nxe5 Bxe5 15.h3 Ba6
16.Be3 b4 17.Bxa6 bxc3 18.Bc4 cxb2 19.Rad1 Qe7 20.Bc5 Qc7 21.Bxf8 Rxf8 22.g3 c5
23.f4 Bd4+ 24.Kh2 Qb7 25.Rfe1 Rb8 26.Ba2 g6 27.e5 Nd5 28.Rd3 a4 29.Qd2 Qc6
30.Qc2 Qb7 31.Qd2 Qc6 32.Qc2  1/2-1/2

[Event "Porec Open 2013"]
[Site "Porec CRO"]
[Date "2013.12.08"]
[Round "7.8"]
[White "Ghersinich,G"]
[Black "Bratkovic,Sham"]
[Result "0-1"]
[WhiteElo "1910"]
[BlackElo "2071"]

1.d4 d5 2.Nf3 c6 3.c4 Nf6 4.e3 e6 5.Nc3 Nbd7 6.Bd3 dxc4 7.Bxc4 b5 8.Bd3 Bb7
9.O-O a6 10.e4 c5 11.Re1 cxd4 12.Nxd4 Ne5 13.Bc2 Bc5 14.Be3 Qb6 15.b4 Bxd4
16.Bxd4 Qc7 17.Bc5 Nfd7 18.Qd6 Qxd6 19.Bxd6 Rc8 20.Bxe5 Nxe5 21.Re3 Nc6 22.a3 Nd4
23.Bd1 Ke7 24.a4 bxa4 25.Nxa4 Rc4 26.Rb1 Rb8 27.Nb6 Rc7 28.Na4 Ba8 29.f3 Rc4
30.Rc3 Rcxb4 31.Rc7+ Kf6 32.Rbc1 Rb1 33.Kf2 Rxc1 34.Rxc1 Bc6 35.Nc5 Bb5 36.f4 Ke7
37.Ke3 Rd8 38.g4 Nc6 39.Ba4 Bxa4 40.Nxa4 Nb4 41.Rc3 Rd1 42.Rc7+ Rd7 43.Rc3 f6
44.h4 Kd6 45.Nb6 Rb7 46.Nc4+ Kd7 47.h5 Rb5 48.Kf3 Ke7 49.e5 Rc5 50.Ke4 Nd5
51.Kd4 Nxc3 52.Kxc5 Ne2 53.f5 exf5 54.gxf5 fxe5 55.Kd5 Kf6 56.h6 gxh6 57.Ne3 h5  0-1

[Event "TCh-SVK Ext 2013-14"]
[Site "Slovakia SVK"]
[Date "2013.12.08"]
[Round "4.3"]
[White "Lisko,F"]
[Black "Podoba,M"]
[Result "1-0"]
[WhiteElo "2233"]
[BlackElo "2132"]

1.d4 d5 2.c4 c6 3.Nc3 Nf6 4.e3 e6 5.Nf3 Nbd7 6.Bd3 dxc4 7.Bxc4 b5 8.Bd3 Bb7
9.O-O a6 10.e4 c5 11.d5 c4 12.Bc2 Qc7 13.dxe6 fxe6 14.Ng5 Nc5 15.Be3 h6 16.Nxe6 Nxe6
17.e5 Be7 18.Bg6+ Kf8 19.exf6 Bxf6 20.Qg4 Nc5 21.Bxc5+ Qxc5 22.Ne4 Qc6 23.Rad1 h5
24.Qf4  1-0

[Event "5th Penang Open 2013"]
[Site "George Town MAS"]
[Date "2013.12.10"]
[Round "2.20"]
[White "Suhendr,A"]
[Black "Angela,Natasha Renggalis"]
[Result "1-0"]
[WhiteElo "2223"]
[BlackElo "1788"]

1.d4 d5 2.c4 c6 3.Nc3 Nf6 4.Nf3 e6 5.e3 Nbd7 6.Bd3 dxc4 7.Bxc4 b5 8.Bd3 Bd6
9.e4 e5 10.d5 cxd5 11.Nxd5 Nxd5 12.exd5 O-O 13.O-O a6 14.a4 Nc5 15.Ng5 Nxd3
16.Qxd3 g6 17.axb5 Bf5 18.Qb3 Qb8 19.Re1 Qxb5 20.Qg3 Qb4 21.Be3 Rfc8 22.h3 Rc2
23.Rec1 Rac8 24.Rxc2 Bxc2 25.Rxa6 h5 26.Nf3 e4 27.Rxd6 Rb8 28.Nh4  1-0

[Event "5th Classic Open 2013"]
[Site "London ENG"]
[Date "2013.12.10"]
[Round "4.28"]
[White "Guthrie,D"]
[Black "Andersson,Tom"]
[Result "1/2-1/2"]
[WhiteElo "2195"]
[BlackElo "2370"]

1.d4 d5 2.c4 e6 3.Nc3 c6 4.e3 Nf6 5.Nf3 Nbd7 6.Qc2 a6 7.b3 b5 8.Bd3 Be7 9.O-O O-O
10.Bb2 h6 11.Rfd1 Bb7 12.c5 a5 13.a3 Qc7 14.h3 Kh8 15.b4 axb4 16.axb4 Nh5
17.Ne2 Rxa1 18.Rxa1 f5 19.Ne5 Nxe5 20.dxe5 g6 21.Nd4 Ng7 22.f4 Ra8 23.g4 Rxa1+
24.Bxa1 Bc8 25.Qa2 Qb7 26.Qa5 Kg8 27.Bc3 Kf8 28.Qb6 Qxb6 29.cxb6 c5 30.bxc5 Bxc5
31.Ba5 Bxd4 32.exd4 fxg4 33.hxg4 h5 34.Bxg6 hxg4 35.Bb4+ Kg8 36.Kf2 Nf5 37.Bxf5 exf5
38.e6 Kg7 39.Be7 Kg6 40.Kg3 Bb7 41.Bb4 Kf6  1/2-1/2

[Event "Pavlodar Open 2013"]
[Site "Pavlodar KAZ"]
[Date "2013.12.11"]
[Round "2.36"]
[White "Kolosovskiy,A"]
[Black "Kaldybayev,O"]
[Result "1-0"]
[WhiteElo "2030"]
[BlackElo "1732"]

1.d4 d5 2.c4 c6 3.Nf3 Nf6 4.e3 e6 5.Nc3 Nbd7 6.Qc2 Bd6 7.b3 O-O 8.Bd3 b6
9.Bb2 Bb7 10.O-O Rc8 11.Qe2 c5 12.cxd5 exd5 13.Rad1 Qe7 14.Ba6 Bxa6 15.Qxa6 Nb8
16.Qe2 Qb7 17.dxc5 Bxc5 18.Nd4 Bxd4 19.Rxd4 Nc6 20.Rf4 Ne7 21.Qf3 Rc6 22.Rd1 Rd8
23.Nb5 Ng6 24.Bxf6 gxf6 25.Rxf6 Rd7 26.Nd4 Rcd6 27.h4 Nxh4 28.Qg3+ Ng6  1-0

[Event "5th Penang Open 2013"]
[Site "George Town MAS"]
[Date "2013.12.12"]
[Round "6.8"]
[White "Aris,T"]
[Black "Abelgas,Roe"]
[Result "0-1"]
[WhiteElo "2173"]
[BlackElo "2291"]

1.d4 d5 2.c4 c6 3.Nc3 Nf6 4.Nf3 e6 5.e3 Nbd7 6.Qc2 Bd6 7.g4 h6 8.Rg1 Qe7
9.Bd2 dxc4 10.Bxc4 e5 11.g5 hxg5 12.Nxg5 Rf8 13.O-O-O Nb6 14.Bb3 Bd7 15.dxe5 Bxe5
16.f4 Bc7 17.e4 O-O-O 18.e5 Nh5 19.Rge1 Bg4 20.Ne2 Nd5 21.Bxd5 Rxd5 22.h3 Bxe2
23.Rxe2 Nxf4 24.Qf5+ Ne6 25.Rf1 g6 26.Qg4 Rd4 27.Rf4 Qc5+ 28.Kb1 Rxf4 29.Bxf4 Rd8
30.Bd2 Qe7 31.h4 Rd4 32.Qh3 Qd7 33.Bc3 Rd3 34.Qg4 Rd1+ 35.Kc2 Nd4+  0-1

[Event "Russian Cup Final w 2013"]
[Site "Khanty-Mansiysk RUS"]
[Date "2013.12.12"]
[Round "1.1"]
[White "Cheremnova,T"]
[Black "Guseva,Marina"]
[Result "1-0"]
[WhiteElo "2264"]
[BlackElo "2399"]

1.d4 d5 2.c4 c6 3.Nc3 Nf6 4.Nf3 e6 5.e3 Nbd7 6.Qc2 b6 7.Bd3 Bb7 8.O-O Be7
9.Rd1 Qc7 10.b3 O-O 11.Bb2 h6 12.Rac1 Rac8 13.Qe2 dxc4 14.Bxc4 c5 15.e4 Qf4
16.e5 Ng4 17.h3 Bxf3 18.Qxf3 Qh2+ 19.Kf1 cxd4 20.Qxg4 dxc3 21.Bxc3 Nxe5 22.Bxe5 Qxe5
23.Rd7 Bb4 24.Rcd1 a5 25.a4 Rc5 26.g3 Qb2 27.Qd4 Qxd4 28.R1xd4 Rf5 29.Kg2 Bc5
30.Rd2 g6 31.f3 Re8 32.Rb7 Re7 33.Rxe7 Bxe7 34.g4 Rf4 35.Kf2 Kg7 36.Rd7 Bc5+
37.Kg3 Rf6 38.Bd3 Kf8 39.Bc4 Be3 40.Bb5 h5 41.Rd3 h4+ 42.Kg2 Bc5 43.Rd8+ Kg7
44.Bc4 Rf4 45.Bd3 Kf6 46.Rd7 Ke5 47.Be4 f5 48.gxf5 gxf5 49.Bd3 Bd6 50.Bc4 Rd4
51.Kf2 Kf6 52.Ke3 e5 53.f4 Re4+ 54.Kd3 Bc5 55.fxe5+ Kxe5 56.Kd2 Kf4 57.Bd3 Bb4+
58.Kc2 Re3 59.Rf7 Rxh3 60.Bxf5 Rc3+ 61.Kd1 Kg3 62.Be6 Re3 63.Rg7+ Kh2 64.Bc8 h3
65.Rh7 Bd6 66.Rh6 Bc5 67.Kc2 Rg3 68.Be6 Kg2 69.Kd2 h2 70.Bd5+ Kg1 71.Ke2 Be3
72.Rf6 Rg2+ 73.Bxg2 Kxg2 74.Rg6+ Kh1 75.Kxe3 b5 76.axb5 a4 77.Kf2 a3 78.Re6  1-0

[Event "Russian Cup Final 2013"]
[Site "Khanty-Mansiysk RUS"]
[Date "2013.12.12"]
[Round "1.1"]
[White "Jakovenko,D"]
[Black "Pridorozhni,A"]
[Result "1-0"]
[WhiteElo "2721"]
[BlackElo "2517"]

1.Nf3 d5 2.d4 c6 3.c4 Nf6 4.Nc3 e6 5.e3 Nbd7 6.Qc2 b6 7.Bd3 Bb7 8.O-O Be7
9.b3 O-O 10.Bb2 Qc7 11.Ne5 h6 12.f4 Rad8 13.Rad1 c5 14.Qe2 Qb8 15.cxd5 Nxd5
16.Nxd5 Bxd5 17.Nxd7 Rxd7 18.e4 Bb7 19.d5 Rfd8 20.dxe6  1-0

[Event "5th Classic Open 2013"]
[Site "London ENG"]
[Date "2013.12.12"]
[Round "6.14"]
[White "Wells,P"]
[Black "Khatanbaatar,B"]
[Result "1/2-1/2"]
[WhiteElo "2479"]
[BlackElo "2329"]

1.d4 d5 2.c4 c6 3.Nc3 Nf6 4.e3 e6 5.Nf3 Nbd7 6.Qc2 Bd6 7.b3 O-O 8.Be2 b6
9.O-O Bb7 10.e4 Nxe4 11.Nxe4 dxe4 12.Qxe4 Nf6 13.Qh4 c5 14.dxc5 Bxc5 15.Bb2 Qe7
16.Rad1 Rfd8 17.Qg3 h6 18.Bd3 Bd6 19.Ne5 Nh5 20.Qg4 Qg5 21.Qxg5 hxg5 22.Bb1 Nf4
23.f3 f6 24.Nd3 Rd7 25.Nxf4 gxf4 26.Rfe1 Rad8 27.Bc2 Kf7 28.Kf1 Bc5 29.Rxd7+ Rxd7
30.Rd1 Rxd1+ 31.Bxd1 e5 32.Bc2 Ke6 33.Bh7 Kf7 34.Bc2 g6 35.Ke2 Bd6 36.Bc3 a5
37.g4 fxg3 38.hxg3 f5 39.c5 Bxc5 40.Bxe5 Ke6 41.Bc3 Ba6+  1/2-1/2

[Event "SportAccord Rapid Men 2013"]
[Site "Beijing CHN"]
[Date "2013.12.13"]
[Round "7.5"]
[White "Radjabov,T"]
[Black "Aronian,L"]
[Result "1/2-1/2"]
[WhiteElo "2713"]
[BlackElo "2803"]

1.d4 Nf6 2.Nf3 d5 3.c4 e6 4.Nc3 c6 5.e3 Nbd7 6.Qc2 Bd6 7.Bd3 O-O 8.O-O dxc4
9.Bxc4 b5 10.Bd3 Bb7 11.a3 h6 12.e4 e5 13.dxe5 Nxe5 14.Nxe5 Bxe5 15.h3 Bd4
16.Ne2 Bb6 17.Ng3 Re8 18.Bf4 Qd7 19.Rad1 Qe6 20.Rfe1 a6 21.e5 Nd5 22.Bf5 Qe7
23.Bc1 Kh8 24.Bg4 Rad8 25.Nf5 Qc5 26.Qd2 Qf8 27.Nd6 Re7 28.Bf3 Ba8 29.Qc2 Bc7
30.Bxd5 cxd5 31.Be3 Bxd6 32.exd6 Rxd6 33.Bd4 Kg8 34.Qc3 Rc6 35.Qg3 Rg6 36.Qf4 Re4
37.Qd2 Bc6 38.f3 Rxe1+ 39.Rxe1 Bd7 40.Kh2 Qb8+ 41.Be5 Qd8 42.Qf4 Re6 43.Bc3 Rxe1
44.Bxe1 Be8 45.Bc3 f6 46.Bd4 Bg6 47.Kg1 Kh7 48.h4 Qe7 49.Kf2 b4 50.Qe3 Qb7
51.Qb3 a5 52.axb4 Qxb4 53.Qxb4 axb4 54.b3 Bc2 55.Bc5 Bxb3 56.Ke3 Kg6 57.Bxb4 Kh5
58.Be1  1/2-1/2

[Event "Russian Cup Final w 2013"]
[Site "Khanty-Mansiysk RUS"]
[Date "2013.12.13"]
[Round "1.3"]
[White "Cheremnova,T"]
[Black "Guseva,Marina"]
[Result "0-1"]
[WhiteElo "2264"]
[BlackElo "2399"]

1.d4 d5 2.c4 c6 3.Nc3 Nf6 4.Nf3 e6 5.e3 Nbd7 6.Qc2 b6 7.Bd3 Bb7 8.O-O Be7
9.b3 dxc4 10.Bxc4 O-O 11.Bb2 Rc8 12.e4 b5 13.Bd3 h6 14.e5 Nd5 15.Nxd5 cxd5
16.Qe2 b4 17.Nd2 Qb6 18.f4 f5 19.exf6 Bxf6 20.Nf3 Rfe8 21.Ne5 Nf8 22.Qh5 Ba6
23.Rad1 Bxd3 24.Rxd3 Re7 25.Ng4 Nh7 26.Qg6 Kh8 27.Ne5 Qb5 28.Rg3 Qe2 29.Bc1 Rf8
30.Be3 Bxe5 31.dxe5 Rc8 32.f5 exf5 33.Bd4 f4 34.Rh3 Qd2 35.Ba1 Rc1 36.Rf3 Rxa1
37.Rxa1 Qd4+ 38.Rf2 Qxa1+ 39.Rf1 Qxe5 40.Qc6 Nf6  0-1

[Event "Russian Cup Final 2013"]
[Site "Khanty-Mansiysk RUS"]
[Date "2013.12.13"]
[Round "1.2"]
[White "Aleksandrov,A"]
[Black "Korneev,O"]
[Result "1/2-1/2"]
[WhiteElo "2586"]
[BlackElo "2645"]

1.d4 d5 2.c4 e6 3.Nc3 c6 4.e3 Nf6 5.Nf3 Nbd7 6.Qc2 Bd6 7.Bd3 O-O 8.O-O e5
9.cxd5 cxd5 10.e4 exd4 11.Nxd5 Nxd5 12.exd5 h6 13.Nxd4 Qh4 14.Nf3 Qh5 15.Qc4 Re8
16.Qh4 Qxh4 17.Nxh4 Nf6 18.Rd1 Bc5 19.Bd2 Nxd5 20.Bb5 Rf8 21.Rac1 Bb6 22.Bc4 Nf6
23.h3 Re8 24.Re1 Bd7 25.Nf3 Rxe1+ 26.Rxe1 Re8 27.Rxe8+ Bxe8 28.Kf1 Bc6 29.Ne5 Bd5
30.Bxd5 Nxd5 31.Nc4 Bc5 32.a4 Nb6 33.Nxb6 Bxb6 34.Ke2 Kf8 35.f3 Ke7 36.Kd3 h5
37.Kc4 Ke6 38.Bf4 a6 39.b4 g6 40.b5 axb5+ 41.Kxb5 Bf2 42.Kc4 f5  1/2-1/2

[Event "Russian Cup Final w 2013"]
[Site "Khanty-Mansiysk RUS"]
[Date "2013.12.13"]
[Round "1.4"]
[White "Guseva,Marina"]
[Black "Cheremnova,T"]
[Result "0-1"]
[WhiteElo "2399"]
[BlackElo "2264"]

1.d4 d5 2.c4 e6 3.Nc3 c6 4.e3 Nf6 5.Nf3 Nbd7 6.Bd3 dxc4 7.Bxc4 b5 8.Bd3 Bd6
9.O-O O-O 10.b3 e5 11.Bb2 Re8 12.Ne4 Nxe4 13.Bxe4 Bb7 14.Rc1 Nf6 15.Bxc6 Bxc6
16.Rxc6 e4 17.Ne5 Nd5 18.g3 f6 19.Nf7 Kxf7 20.Qh5+ Ke6 21.Qxh7 f5 22.Qxg7 Qf6
23.Qb7 Rab8 24.Qxa7 Qe7 25.Qc5 Red8 26.f3 Rf8 27.Bc1 b4 28.a3 Rfc8 29.axb4 Rxc6
30.Qxc6 Nxb4 31.Qc4+ Nd5 32.fxe4 fxe4 33.Qc2 Qh7 34.Qe2 Rg8 35.Rf2 Qh3 36.Bd2 Rh8
37.Rg2 Rf8 38.Rf2 Rh8 39.Rg2 Ra8 40.Be1 Ra1 41.Rf2 Bxg3 42.hxg3 Qxg3+ 43.Kh1 Nxe3
44.d5+ Kd6 45.Rf6+ Ke7 46.Rf2 Qh3+ 47.Kg1 Qg4+ 48.Qxg4 Rxe1+  0-1

[Event "Russian Cup Final 2013"]
[Site "Khanty-Mansiysk RUS"]
[Date "2013.12.13"]
[Round "1.4"]
[White "Aleksandrov,A"]
[Black "Korneev,O"]
[Result "1/2-1/2"]
[WhiteElo "2586"]
[BlackElo "2645"]

1.d4 d5 2.c4 e6 3.Nc3 c6 4.e3 Nf6 5.Nf3 Nbd7 6.Qc2 Bd6 7.Bd3 O-O 8.O-O e5
9.cxd5 cxd5 10.e4 exd4 11.Nxd5 Nxd5 12.exd5 h6 13.h3 Ne5 14.Nxd4 Nxd3 15.Qxd3 Qf6
16.Re1 Rd8 17.Nb5 Bf5 18.Qb3 Be5 19.f4 Bd4+ 20.Nxd4 Qxd4+ 21.Kh2 Be4 22.Be3  1/2-1/2

[Event "Russian Cup Final w 2013"]
[Site "Khanty-Mansiysk RUS"]
[Date "2013.12.13"]
[Round "1.5"]
[White "Cheremnova,T"]
[Black "Guseva,Marina"]
[Result "0-1"]
[WhiteElo "2264"]
[BlackElo "2399"]

1.d4 d5 2.c4 c6 3.Nc3 Nf6 4.Nf3 e6 5.e3 Nbd7 6.Qc2 b6 7.Bd3 Bb7 8.O-O Be7
9.b3 O-O 10.Bb2 h6 11.h3 Rc8 12.Ne5 dxc4 13.Bxc4 b5 14.Be2 Nxe5 15.dxe5 Nd7
16.Ne4 Qc7 17.f4 Qb6 18.Rf3 c5 19.Rg3 Kh8 20.Rd1 Rfd8 21.Bh5 Nf8 22.Rxd8 Qxd8
23.Bxf7 Bh4 24.Rg4 Bxe4 25.Qxe4 Qd1+ 26.Kh2 Bf2  0-1

[Event "6th Kolkata Open"]
[Site "Kolkata IND"]
[Date "2013.12.13"]
[Round "9.2"]
[White "Sanikidze,T"]
[Black "Ter Sahakyan,S"]
[Result "0-1"]
[WhiteElo "2553"]
[BlackElo "2562"]

1.d4 d5 2.c4 c6 3.Nf3 Nf6 4.e3 e6 5.Nc3 Nbd7 6.Bd3 dxc4 7.Bxc4 b5 8.Bd3 b4
9.Ne4 Nxe4 10.Bxe4 Bb7 11.O-O Bd6 12.Nd2 Qc7 13.Nc4 Bxh2+ 14.Kh1 Bd6 15.Nxd6+ Qxd6
16.a3 Nf6 17.Bf3 h5 18.Kg1 Ng4 19.g3 a5 20.axb4 axb4 21.Rxa8+ Bxa8 22.Qa4 O-O
23.Bd2 Rb8 24.Rc1 e5 25.Rc4 exd4 26.exd4 Qf6 27.Bf4 g5 28.Bxb8 Qxf3 29.Rc2 c5
30.Qe8+ Kh7 31.Kf1 Qd1+  0-1

[Event "Pavlodar Open 2013"]
[Site "Pavlodar KAZ"]
[Date "2013.12.13"]
[Round "5.42"]
[White "Karibayev,B"]
[Black "Mukashev,Aminzhan"]
[Result "1-0"]
[WhiteElo "2002"]
[BlackElo "1604"]

1.c4 c6 2.d4 d5 3.Nf3 Nf6 4.Nc3 e6 5.e3 Nbd7 6.Bd3 dxc4 7.Bxc4 b5 8.Bd3 Bd6
9.a4 b4 10.Ne4 Nxe4 11.Bxe4 Bb7 12.O-O O-O 13.b3 Qc7 14.Bb2 Rfd8 15.Rc1 Nf6
16.Bd3 Rac8 17.e4 Bf4 18.Rc2 Qb6 19.g3 Bh6 20.Qe2 c5 21.dxc5 Rxc5 22.Bxf6 gxf6
23.Rxc5 Qxc5 24.Qc2 Qxc2 25.Bxc2 f5 26.Re1 fxe4 27.Bxe4 Bxe4 28.Rxe4 Rd3
29.Nd4 f5 30.Rxe6 Rxd4 31.Rxh6 Rd3 32.Ra6 Rxb3 33.Rxa7 Rb1+ 34.Kg2 b3 35.a5 b2
36.Rb7 Ra1 37.Rxb2 Rxa5 38.Rb7 Rc5 39.h4 Ra5 40.Kf3 h6 41.Kf4 Rc5 42.Re7 Rc2
43.f3 Rc4+ 44.Kxf5 Rc3 45.Kf4 Rc4+ 46.Re4 Rc5 47.g4 Kg7 48.h5 Kh7 49.Ra4 Rb5
50.Ra6 Kg7 51.Rg6+ Kh7 52.Ke4 Rb4+ 53.Ke3 Rb3+ 54.Kf2 Rb2+ 55.Kg3 Rb3 56.Re6 Kg7
57.Kf4 Rb4+ 58.Kf5 Rb5+ 59.Re5 Rb4 60.f4 Ra4 61.g5 hxg5 62.fxg5 Ra1 63.h6+ Kh7
64.Re7+ Kh8 65.g6 Rf1+ 66.Ke6 Re1+ 67.Kd7 Rd1+ 68.Kc8 Rc1+ 69.Kd8 Rd1+ 70.Ke8 Rh1
71.Kf8 Rf1+ 72.Rf7 Rf6 73.g7+  1-0

[Event "ch-European Blitz 2013"]
[Site "Warsaw POL"]
[Date "2013.12.13"]
[Round "7.2"]
[White "Korobov,A"]
[Black "Miton,K"]
[Result "1-0"]
[WhiteElo "2713"]
[BlackElo "2591"]

1.d4 d5 2.c4 c6 3.Nc3 Nf6 4.e3 e6 5.Nf3 Nbd7 6.Qc2 Bd6 7.g4 h6 8.Rg1 b5 9.c5 Bc7
10.h4 b4 11.Na4 O-O 12.g5 hxg5 13.hxg5 Ne4 14.Bd2 Nxd2 15.Nxd2 e5 16.O-O-O Re8
17.g6 fxg6 18.Bd3 e4 19.Nxe4 dxe4 20.Bxe4 Nf6 21.Bxc6 Bd7 22.Bxa8 Qxa8 23.Qxg6 Re7
24.Qxf6 Rf7 25.Qh4 Bd8 26.Qh5 Bxa4 27.Rh1 Kf8 28.Qh8+ Ke7 29.d5 Bxd1 30.Rxd1 Qc8
31.d6+ Kf6 32.Qh4+ Kf5 33.Qh3+  1-0

[Event "5th Classic Open 2013"]
[Site "London ENG"]
[Date "2013.12.14"]
[Round "8.40"]
[White "Johannesson,Oliver"]
[Black "Semprun Martinez,F"]
[Result "1/2-1/2"]
[WhiteElo "2078"]
[BlackElo "2213"]

1.d4 d5 2.c4 c6 3.Nf3 Nf6 4.Nc3 e6 5.e3 Nbd7 6.Bd3 dxc4 7.Bxc4 b5 8.Bd3 a6
9.O-O c5 10.Qe2 Bb7 11.Rd1 Qb6 12.b3 Be7 13.Bb2 O-O 14.Rac1 Rfd8 15.Bb1 Rac8
16.h3 h6 17.e4 cxd4 18.Nxd4 Ne5 19.Nf3 Rxd1+ 20.Rxd1 Nxf3+ 21.Qxf3 Rd8 22.Rxd8+ Qxd8
23.Qe2 e5 24.Qd3 Qd4 25.Qxd4 exd4 26.Ne2 Nxe4 27.Bxd4 b4 28.Bd3 Nc5 29.Bc4 Be4
30.Bxc5 Bxc5 31.Bxa6 Bb1 32.Nc1 Bd4 33.Bd3 Bb2 34.Bxb1 Bxc1 35.Kf1  1/2-1/2

[Event "SportAccord Blitz Women 2013"]
[Site "Beijing CHN"]
[Date "2013.12.15"]
[Round "13.3"]
[White "Dzagnidze,N"]
[Black "Gunina,V"]
[Result "1-0"]
[WhiteElo "2557"]
[BlackElo "2509"]

1.d4 d5 2.c4 e6 3.Nc3 c6 4.e3 Nf6 5.Nf3 Nbd7 6.Bd3 a6 7.b3 g6 8.O-O Bg7 9.Ba3 Qa5
10.Qc1 Bf8 11.Bxf8 Kxf8 12.e4 dxe4 13.Qh6+ Ke7 14.Nxe4 Qh5 15.Qf4 Nxe4 16.Bxe4 Nf6
17.Rfe1 Rd8 18.Rad1 Qg4 19.Qe5 Qh5 20.Qc7+ Rd7 21.Qb6 c5 22.d5 Rd6 23.Qxc5 Bd7
24.Qb4 b6 25.dxe6 Nxe4 26.Rxe4 Qc5 27.Qxc5 bxc5 28.Rxd6 Kxd6 29.exd7 Kxd7
30.Ne5+ Ke6 31.Nd3+ Kd6 32.Kf1 a5 33.Ke2 a4 34.Re5 axb3 35.axb3 Ra2+ 36.Ke3  1-0

[Event "SportAccord Blitz Women 2013"]
[Site "Beijing CHN"]
[Date "2013.12.15"]
[Round "16.8"]
[White "Dzagnidze,N"]
[Black "Sebag,M"]
[Result "1-0"]
[WhiteElo "2557"]
[BlackElo "2501"]

1.c4 c6 2.d4 d5 3.Nf3 Nf6 4.Nc3 e6 5.e3 Nbd7 6.Bd3 dxc4 7.Bxc4 b5 8.Bd3 Bd6
9.O-O O-O 10.a3 Bb7 11.e4 e5 12.Ne2 c5 13.d5 c4 14.Bc2 Re8 15.Ng3 g6 16.b3 cxb3
17.Bxb3 Nc5 18.Bc2 Nfd7 19.Rb1 Nb6 20.Be3 Qd7 21.Nd2 Rac8 22.f4 exf4 23.Bxf4 Bxf4
24.Rxf4 Nca4 25.Bxa4 Nxa4 26.Qf1 Nc3 27.Re1 a5 28.Nf3 b4 29.axb4 axb4 30.Ng5 Re7
31.d6 Qxd6 32.Nxf7 Qc5+ 33.Kh1 Kg7 34.e5 Rf8 35.Ng5 Rxf4 36.Qxf4 Qd5 37.Qf6+ Kg8
38.Nf3 Re6 39.Qf4 b3 40.Qb4 Nd1 41.Ne4 b2 42.Nf6+ Rxf6 43.exf6 Nf2+ 44.Kg1 Ne4
45.Qxb2 Kf7 46.Qd4 Qxd4+ 47.Nxd4 Nxf6 48.Rb1 Bd5 49.Rb6 h5 50.Nf3 Kg7 51.Ne5 Be4
52.h3 Bf5 53.Kh2 Nd5 54.Ra6 Ne3 55.Kg3 Kh6 56.Kf2 Nd5 57.Nf7+ Kg7 58.Ne5 Nf6
59.Nf3 Ne4+ 60.Ke3 Nf6 61.Nd4 Bd7 62.Kf4 Nd5+ 63.Ke5 Ne3 64.Ra7 Nc4+ 65.Kf4 Nb6
66.Rb7 Nd5+ 67.Ke5 Nf6 68.Kd6 Kh6 69.Ke7 Bc8 70.Rb8 Nd5+ 71.Kd6  1-0

[Event "SportAccord Blitz Women 2013"]
[Site "Beijing CHN"]
[Date "2013.12.15"]
[Round "19.6"]
[White "Gunina,V"]
[Black "Ushenina,A"]
[Result "1-0"]
[WhiteElo "2509"]
[BlackElo "2501"]

1.d4 d5 2.c4 c6 3.Nf3 e6 4.e3 Nf6 5.Nc3 Nbd7 6.Qc2 Bd6 7.a3 O-O 8.Be2 b6
9.O-O Bb7 10.e4 dxe4 11.Nxe4 Nxe4 12.Qxe4 Nf6 13.Qh4 c5 14.dxc5 Bxc5 15.Bg5 Be7
16.Rad1 Qc7 17.Bd3 h6 18.Bf4 Qc5 19.Be3 Qh5 20.Qxh5 Nxh5 21.Ne5 Rfd8 22.b4 Nf6
23.Be2 Rac8 24.Rc1 Ne4 25.Bf3 Bf6 26.Bxe4 Bxe4 27.f4 Bxe5 28.fxe5 Rd3 29.Rfe1 Rxa3
30.Bxb6 Bd3 31.Bc5 a5 32.Re3 Rb3 33.Bd6 axb4 34.c5 Rc6 35.Rd1 Bc4 36.Rxb3 Bxb3
37.Rb1 Bd5 38.Rxb4 Ra6 39.Rb2 Kh7 40.Kf2 Kg6 41.Rc2 Bc6 42.Rb2 Kf5 43.Ke3 Bd5
44.Rf2+ Kg6 45.Kd4 Ra4+ 46.Kc3 Rc4+ 47.Kd3 Rc1 48.Rb2 f6 49.exf6 gxf6 50.Kd4 Rc4+
51.Kd3 Rc1 52.Rf2 h5 53.Be7 f5 54.Kd4 Re1 55.Bd6 Kf6 56.Bg3 Re4+ 57.Kd3 Rc4
58.Bd6 e5 59.g3 e4+ 60.Kd2 Ke6 61.Rf4 Ra4 62.Rh4 Ra2+ 63.Ke3 Ra3+ 64.Kf2 Rf3+
65.Ke1 e3 66.Ke2 Be4 67.Bf4 Rf2+ 68.Kxe3 Rc2 69.Bd6 Rc3+ 70.Kf4 Bf3 71.Kg5 Bg4
72.h3 Be2 73.Rb4 Bd1 74.Rb8 Rc2 75.Re8+ Kd7 76.Re7+ Kc6 77.Kxf5 Rh2 78.h4 Bg4+
79.Kg5 Rc2 80.Rh7 Kd5 81.Rxh5 Bxh5 82.Kxh5 Ke6 83.Kg6 Rc4 84.Kg5 Kf7 85.Kf5 Rd4
86.g4 Rd1 87.h5 Kg7 88.Be5+ Kh6 89.c6 Rf1+ 90.Bf4+ Kg7 91.c7 Rc1 92.Ke6 Rc4
93.Be5+ Kh6 94.Kd7 Kg5 95.c8=Q Rxc8 96.Kxc8  1-0

[Event "TCh-BEL 2013-14"]
[Site "Belgium BEL"]
[Date "2013.12.15"]
[Round "6.1"]
[White "Wantola,I"]
[Black "Michiels,B"]
[Result "0-1"]
[WhiteElo "2351"]
[BlackElo "2505"]

1.Nf3 d5 2.d4 Nf6 3.c4 c6 4.Nc3 e6 5.e3 Nbd7 6.Qc2 Bd6 7.Be2 O-O 8.O-O b6
9.e4 dxe4 10.Nxe4 Nxe4 11.Qxe4 Bb7 12.Bd3 Nf6 13.Qh4 c5 14.Bg5 h6 15.Bxf6 Qxf6
16.Qxf6 gxf6 17.dxc5 Bxc5 18.Be2 Rad8 19.Rfd1 f5 20.Rxd8 Rxd8 21.Rd1 Rxd1+
22.Bxd1 Kg7 23.Kf1 Kf6 24.Ke2 e5 25.g3 e4 26.Nd2 f4 27.gxf4 Kf5 28.Ba4 Kxf4
29.Nf1 Ke5 30.Bd7 f5 31.Ne3 f4 32.Nd5 Kd6 33.Be8 f3+ 34.Ke1 Bc8 35.Bg6 Ke5
36.b3 b5 37.Bf7 bxc4 38.bxc4 Kd4 39.Bg6 Ba6 40.Ne3 Kd3 41.Ng4 Bd4 42.Nxh6 Bxc4
43.Bf7 Ba6 44.Nf5 Bc3+ 45.Kf1 Kd2+ 46.Kg1 Ke1 47.Bd5 Bd3 48.h4 Bd2 49.Nd4 Be3  0-1

[Event "TCh-BEL 2013-14"]
[Site "Belgium BEL"]
[Date "2013.12.15"]
[Round "6.4"]
[White "Van der Stricht,G"]
[Black "Russo,Jul"]
[Result "1-0"]
[WhiteElo "2371"]
[BlackElo "2088"]

1.d4 d5 2.c4 c6 3.Nf3 Nf6 4.Nc3 e6 5.e3 Nbd7 6.Qc2 Bd6 7.Be2 O-O 8.O-O dxc4
9.Bxc4 a6 10.Rd1 b5 11.Bf1 Qc7 12.e4 e5 13.g3 Re8 14.Bg5 Bb7 15.Bg2 exd4
16.Nxd4 g6 17.Rac1 Bf8 18.Nd5 Nxd5 19.exd5 c5 20.Nc6 Nb8 21.Bf4 Bd6 22.Bxd6 Qxd6
23.Qxc5 Qxc5 24.Rxc5 Nd7 25.Rc2 Rac8 26.Rdc1 Nb6 27.b3 Kf8 28.h4 Rc7 29.f4 f6
30.Rd2 Nc8 31.d6 Rd7 32.Rcd1 Na7 33.Nxa7 Bxg2 34.Nxb5 Bf3 35.Nc7 Re3 36.Kf2 Rc3
37.Nd5 Bxd5 38.Rxd5 Rc2+ 39.R1d2 Rc6 40.g4 Kf7 41.Ke3 Rc1 42.h5 Rg1 43.hxg6+ hxg6
44.Kf3 Rf1+ 45.Rf2 Rc1 46.f5 Rc6 47.Rfd2 Rc3+ 48.Ke4 Rg3 49.Kf4 Rh3 50.R5d3 Rh1
51.Re3 Rf1+ 52.Ke4 g5 53.Kd5 Rc1 54.Rh3  1-0